• 首页
  • 本馆介绍
  • 公告通知
  • 最新文献
  • 馆藏检索
  • 电子资源
  • 读者导购
  • 参考咨询
  • 我的图书馆
  • 登录
  • 详细信息显示
  • 放入我的书架
  • 预约/预借图书
  • 作者相关作品
  • 分类相关作品
  • 丛书相关作品
  • 出版社相关作品

书目信息

  • 表格格式
  • 工作单格式
  • 卡片格式
题名:
《资本论》注释
    
 
作者: 卢森贝 , Розенебрг 著 ;赵木斋 , 朱培兴 译
分册: 第一卷  
出版信息: 北京   三联书店  1963
页数: 393页
开本: 20cm
丛书名:
单 册:
中图分类: A811.23 , A81
科图分类:
主题词: 马克思著作研究-资本论 , 马克思主义政治经济学--研究
电子资源:
ISBN:
000 00911nam0 2200301 45
001 1257176141
005 20090929162529.50
010    @dCNY1.10
091    @aCN@b4002.195
100    @a19950713e19791963em y0chiy0121 ea
101 1  @achi@crus
102    @aCN@b110000
105    @ay z 000yy
200 12 @a《资本论》注释@Azi ben lun zhu shi@h第一卷@f(苏)卢森贝(Д.И.Розенебрг)著@g赵木斋,朱培兴译
210    @a北京@c三联书店@d1963@h1979重印
215    @a393页@d20cm
517 1  @a资本论注释@Azi ben lun zhu shi
605    @a资本论@x马克思著作研究
606 0  @a马克思著作研究-资本论
606 0  @a马克思主义政治经济学@x研究
690    @aA811.23@v3
690    @aA81@v4
701  1 @a卢森贝@Alu sen bei@bД.И.@4著
701 A1 @aРозенебрг@bД.И.@4著
702  0 @a赵木斋@Azhao mu zhai@4译
702  0 @a朱培兴@Azhu pei xing@4译
801  0 @aCN@bTSSF
905    @a10447@dA81@eJY14:1
    
    《资本论》注释.第一卷/(苏)卢森贝(Д.И.Розенебрг)著/赵木斋,朱培兴译.-北京:三联书店,1963(1979重印)
    393页;20cm
    
    
    ISBN :CNY1.10
    
●
相关链接 在E读中查询图书 在五车中查询图书 在当当中查询图书 在豆瓣中查询图书


正题名:《资本论》注释     索取号:A81/JY14:1         预约/预借

序号 登录号 条形码 馆藏地/架位号 状态 备注
1 7809446   278094465   学院路分馆/ [索取号:A81/JY14:1] 在馆    
唐山师范学院图书馆 欢迎您!
大连网信软件有限公司© 版权所有